Wszyscy Zadymiarze z Brawl Stars (2021) - Statystyki

Ogólne statystyki
  • Ten quiz został rozwiązany 276 razy
  • Średni wynik to 28 z 47
Statystyki odpowiedzi
Hint Odpowiedź % Poprawnych
Za darmo Shelly
96%
Za 10 pucharków Nita
92%
Za 40 pucharków Colt
87%
Za 250 pucharków Bull
83%
Rzadki El Primo
79%
Legendarny Leon
79%
Za 8000 pucharków Emz
78%
Za 1000 pucharków Brock
76%
Rzadki Rosa
76%
Legendarny Kruk
75%
Za 500 pucharków Jessie
74%
Za 3000 pucharków Bo
71%
Rzadki Poco
71%
Legendarny Spike
71%
Za 2000 pucharków Dynamike
70%
Za 4000 pucharków Tick
69%
Za 6000 pucharków 8- Bitowiec
66%
Rzadki Barley
66%
Za 10000 pucharków Stu
66%
Legendarny Sandy
65%
Mityczny Mortis
64%
Super Rzadki Penny
63%
Mityczny Tara
63%
Legendarny Amber
60%
Epicki Edgar
60%
Super Rzadki Rico
60%
Epicki Frank
59%
Chromatyczny Gale
59%
Epicki Bibi
58%
Epicki Piper
58%
Super Rzadki Daryl
57%
Chromatyczny Surge
57%
Epicki Pam
55%
Mityczny Gene
54%
Chromatyczny Collet
53%
Super Rzadki Carl
52%
Super Rzadki Jacky
51%
Epicki Bea
46%
Chromatyczny Lou
41%
Mityczny Maks
38%
Chromatyczny Belle
37%
Mityczny Kiełek
36%
Epicki Nani
36%
Mityczny Mr. P
25%
Mityczny Squek
15%
Chromatyczny Pułkownik Rufs
12%
Mityczny Bayron
7%
Nie znaleziono quizów pasujących do podanych kryteriów
Rozkład punktacji
Procent ludzi z każdym wynikiem
Percentyl według liczby udzielonych odpowiedzi
Twoja historia wyników
Nie rozwiązałeś tego quizu